000 00539nam a22001937a 4500
999 _c7469
_d7469
003 OSt
005 20211112170247.0
008 211112b ||||| |||| 00| 0 eng d
040 _cDDC
082 _a307.76 CUL 2007
100 _aCullingworth, J. B.
_915299
245 _aProblems of an urban society
_bThe social Frame work of Planning.
260 _aLondon :
_b Routledge;
_c2007,
300 _a174p.;
_c23cm,
504 _aIncludes indexes.
650 _aCity planning.
_915268
650 _aSocial policy.
_97496
942 _2ddc
_cBOOK